00679nam a2200241 a 4500001001300000003000900013005001700022008004100039020001000080082001600090100002200106245001900128260003200147300000800179500003500187505002700222650002000249700002200269902000800291942000700299952011600306999001500422nice12345678IN_TiNIC20260116011540.0050524s1297 lona grp 000 0 per  ac10000a297.82bAQA aAqasi, Maji Mirza aAqaidul Shiah. aLondon bNo Publisherc1297 a00p aincludes index and biblioraphy2 a3 vols. bound together aShiah-Doctrines1 aAqasi, Maji Mirza bSRS cBK 001040708StackRoom-aHMIbHMId2007-06-28g100.00l0o297.82 AQAp04747r2007-06-28v100.00w2005-05-24yBK c2532d2532